[Event "Ladder 2 U1400"]
[Site "Gatineau CAN"]
[Date "2022.04.05"]
[Round "5"]
[White "Levesque, Sabin"]
[Black "Piche, Danielle"]
[Result "1-0"]
[WhiteElo "950"]
[BlackElo "1132"]
[PlyCount "41"]
[EventDate "2022.03.01"]
[EventType "swiss"]
[EventRounds "6"]
[EventCountry "CAN"]
[TimeControl "60/30:0"]

1. d4 d5 2. Bf4 Nc6 3. c3 Nf6 4. e3 e6 5. Bd3 a6 6. Nf3 h6 7. O-O Be7 8. Nbd2
O-O 9. Qe2 b5 10. Nb3 Bd6 11. Ne5 Nxe5 12. dxe5 Nh5 13. Qxh5 Be7 14. Bxh6 Qe8
15. Nd4 g6 16. Qh3 Bb7 17. Nf3 Qc6 18. Bg5 Rfe8 19. Bxe7 Rxe7 20. Ng5 Kg7 21.
Qh7+ 1-0

[Event "Ladder 2 U1400"]
[Site "Gatineau CAN"]
[Date "2022.04.05"]
[Round "5"]
[White "Vachon, Jean-Clement"]
[Black "Simchowitz, Wladimir"]
[Result "1-0"]
[WhiteElo "1261"]
[BlackElo "1118"]
[PlyCount "80"]
[EventDate "2022.03.01"]
[EventType "swiss"]
[EventRounds "6"]
[EventCountry "CAN"]

1. d4 d5 2. Bf4 Nc6 3. e3 Bf5 4. c4 Nf6 5. Nc3 Nb4 6. Qa4+ Nc6 7. cxd5 Nxd5 8.
Nxd5 Qxd5 9. Bb5 g6 10. f3 a6 11. Bxc7 axb5 12. Qxa8+ Nd8 13. Bxd8 Qxd8 14.
Qxd8+ Kxd8 15. Ne2 Bd3 16. Nf4 g5 17. Nxd3 Bh6 18. Ne5 Ke8 19. Ng4 Bg7 20. Rc1
f5 21. Rc8+ Kf7 22. Rxh8 Bxh8 23. Ne5+ Ke6 24. O-O Kd5 25. e4+ Kxd4 26. Nf7 Bf6
27. exf5 Ke3 28. Re1+ Kf4 29. Nh6 Bxb2 30. Rb1 Bg7 31. Ng4 Kxf5 32. Rxb5+ Kf4
33. Rxb7 h5 34. Rxe7 Bd4+ 35. Kf1 hxg4 36. Re4+ Kf5 37. Rxd4 Ke5 38. Rxg4 Kf5
39. h4 gxh4 40. Rxh4 Kg5 1-0

[Event "Ladder 2 U1400"]
[Site "Gatineau CAN"]
[Date "2022.04.12"]
[Round "6"]
[White "Simchowitz, Wladimir"]
[Black "Simard, Paul"]
[Result "1-0"]
[WhiteElo "1118"]
[BlackElo "1274"]
[PlyCount "41"]
[EventDate "2022.03.01"]
[EventType "swiss"]
[EventRounds "6"]
[EventCountry "CAN"]

1. e4 c5 2. Nf3 d6 3. g3 Nf6 4. Nc3 e6 5. d4 cxd4 6. Qxd4 Nc6 7. Qa4 Be7 8. Bg2
O-O 9. O-O a6 10. Bf4 b5 11. Nxb5 Bb7 12. Nbd4 Nxd4 13. Qxd4 Nxe4 14. Nh4 g5
15. Bxe4 Bxe4 16. Qxe4 gxh4 17. Bh6 Re8 18. Qg4+ Bg5 19. Bxg5 Qc8 20. Bh6+ Kh8
21. Qg7# 1-0

[Event "Ladder 2 U1400"]
[Site "Gatineau CAN"]
[Date "2022.04.12"]
[Round "6"]
[White "Vachon, Jean-Clement"]
[Black "Lavoie, Aren"]
[Result "0-1"]
[WhiteElo "1261"]
[BlackElo "1015"]
[PlyCount "66"]
[EventDate "2022.03.01"]
[EventType "swiss"]
[EventRounds "6"]
[EventCountry "CAN"]

1. d4 d5 2. Bf4 Nf6 3. e3 e6 4. c4 Nbd7 5. Nc3 c5 6. Nf3 cxd4 7. exd4 Bb4 8. a3
Bxc3+ 9. bxc3 O-O 10. cxd5 Nxd5 11. Bd2 e5 12. dxe5 Re8 13. Bb5 a6 14. Bxd7
Bxd7 15. O-O Rc8 16. Qb3 Bc6 17. Rfd1 Qb6 18. Qc2 Qa7 19. c4 Bb5 20. c5 Rxc5
21. Qf5 Ne7 22. Qh5 g6 23. Qh3 Rd5 24. e6 f6 25. a4 Bc6 26. Qh4 Rf5 27. Be3 Qb8
28. Nd4 g5 29. Qh6 Qe5 30. Nxf5 Nxf5 31. Qh3 Rxe6 32. Bd4 Nxd4 33. Rxd4 Qe1+
0-1

[Event "Langley op"]
[Site "Langley CAN"]
[Date "2022.09.03"]
[Round "1.1"]
[White "Doknjas, John"]
[Black "Carroll, Billy"]
[Result "1-0"]
[WhiteElo "2319"]
[BlackElo "1227"]
[PlyCount "51"]
[EventDate "2022.09.03"]
[EventType "swiss"]
[EventRounds "6"]
[EventCountry "CAN"]

1. c4 e5 2. Nc3 c6 3. e4 Be7 4. g3 d6 5. Bg2 Be6 6. b3 Nd7 7. Nge2 Qc7 8. O-O
h5 9. d4 f6 10. h3 g5 11. Be3 b6 12. d5 Bf7 13. dxc6 Qxc6 14. Nd5 O-O-O 15.
Nec3 a6 16. a4 Bf8 17. a5 Ne7 18. axb6 Nxd5 19. cxd5 Qb7 20. Qe2 Nc5 21. b4
Qxb6 22. bxc5 dxc5 23. Rxa6 Qb7 24. Rb1 Qc7 25. Qb5 Qe7 26. Qc6+ 1-0

[Event "Langley op"]
[Site "Langley CAN"]
[Date "2022.09.03"]
[Round "1.2"]
[White "Lu, Aiden"]
[Black "Nunez Asencio, Jorge"]
[Result "0-1"]
[WhiteElo "1223"]
[BlackElo "2311"]
[PlyCount "82"]
[EventDate "2022.09.03"]
[EventType "swiss"]
[EventRounds "6"]
[EventCountry "CAN"]

1. e4 c5 2. Nf3 a6 3. d4 cxd4 4. Nxd4 Nf6 5. Nc3 e5 6. Nf3 Nc6 7. a3 Bc5 8. h3
h6 9. Bc4 d6 10. b4 Ba7 11. Qd3 b5 12. Bb3 Nd4 13. Nxd4 Bxd4 14. Be3 Bxc3+ 15.
Qxc3 Bb7 16. f3 O-O 17. Rd1 Bxe4 18. Qd2 Rc8 19. Qxd6 Qxd6 20. Rxd6 Bxc2 21.
Bxc2 Rxc2 22. Rxa6 Nd5 23. Bd2 Rd8 24. Ra5 Ne7 25. Be3 Nf5 26. Bb6 Rc1+ 27. Ke2
Ng3+ 28. Ke3 Rc3+ 29. Kf2 Nxh1+ 30. Ke1 Rc1+ 31. Ke2 Rc2+ 32. Ke3 Rd1 33. Rxb5
Nf2 34. Rxe5 Re1+ 35. Kd4 Rd2+ 36. Kc3 Rd3+ 37. Kc4 Rxe5 38. Bxf2 Rxa3 39. b5
Ra2 40. Bd4 Ra4+ 41. Kd3 Rd5 0-1

[Event "Langley op"]
[Site "Langley CAN"]
[Date "2022.09.03"]
[Round "1.3"]
[White "Fuentebella, Mayo"]
[Black "Zhang, Kai"]
[Result "1-0"]
[WhiteElo "2296"]
[BlackElo "1221"]
[PlyCount "121"]
[EventDate "2022.09.03"]
[EventType "swiss"]
[EventRounds "6"]
[EventCountry "CAN"]

1. c4 e5 2. Nc3 Nf6 3. Nf3 Nc6 4. e4 Bc5 5. Nxe5 Nxe5 6. d4 Bb4 7. dxe5 Nxe4 8.
Qd4 Nxc3 9. bxc3 Ba5 10. Bf4 Bb6 11. c5 Ba5 12. Bc4 O-O 13. O-O b6 14. Rac1
bxc5 15. Qxc5 Bb6 16. Qd5 Rb8 17. Rcd1 Bb7 18. Qxd7 Qh4 19. Qf5 Bc8 20. Qg5 Qg4
21. h3 Qxg5 22. Bxg5 Be6 23. Bd5 h6 24. Bf4 Rbd8 25. c4 c6 26. Bxe6 fxe6 27.
Bg3 g5 28. Rd6 Rxd6 29. exd6 Bd4 30. Rb1 e5 31. Rb7 Rd8 32. d7 Kf7 33. Rc7 c5
34. Rxa7 Ke7 35. Kf1 Rxd7 36. Rxd7+ Kxd7 37. Ke2 Kc6 38. Kd3 Kb6 39. Ke4 Ka5
40. Bxe5 Bxf2 41. g4 Kb4 42. Kd5 Be3 43. Bd6 Bf4 44. Bxc5+ Ka5 45. Bf8 Kb6 46.
Bxh6 Kc7 47. h4 Kc8 48. Bxg5 Bc7 49. Kc6 Be5 50. Be7 Bg7 51. g5 Be5 52. h5 Bh8
53. Bf6 Bxf6 54. gxf6 Kd8 55. Kd6 Ke8 56. Ke6 Kf8 57. c5 Kg8 58. c6 Kh8 59. c7
Kh7 60. c8=Q Kh6 61. Qg8 1-0

[Event "Langley op"]
[Site "Langley CAN"]
[Date "2022.09.03"]
[Round "1.4"]
[White "Huang, Winston"]
[Black "Ma, Derek"]
[Result "1/2-1/2"]
[WhiteElo "1191"]
[BlackElo "2223"]
[PlyCount "136"]
[EventDate "2022.09.03"]
[EventType "swiss"]
[EventRounds "6"]
[EventCountry "CAN"]

1. d4 Nf6 2. c4 c5 3. d5 e6 4. Nc3 exd5 5. cxd5 d6 6. Nf3 g6 7. e4 Bg7 8. Bd3
O-O 9. O-O b6 10. Re1 Re8 11. Bf4 Na6 12. a3 Nc7 13. Qd2 a6 14. a4 Rb8 15. Qe2
Ncxd5 16. Qd2 Nxf4 17. Qxf4 Bb7 18. Rad1 Qc7 19. Bc4 Rbd8 20. b3 Nh5 21. Qd2
Bxc3 22. Qxc3 Rxe4 23. Rxe4 Bxe4 24. Bxa6 d5 25. Ng5 d4 26. Qc1 Bd5 27. Bc4 Nf4
28. g3 Bxc4 29. Qxc4 Nd5 30. Nf3 Qc6 31. Nxd4 Nf4 32. Nxc6 Rxd1+ 33. Qf1 Ne2+
34. Kg2 Rxf1 35. Kxf1 Nc1 36. b4 cxb4 37. Nxb4 Nb3 38. Nd5 Kf8 39. Nxb6 Ke7 40.
Ke2 Kd6 41. Nc4+ Kd5 42. Nd2 Nc1+ 43. Ke3 Kc5 44. Ne4+ Kb4 45. Ng5 Kxa4 46.
Nxf7 Kb5 47. Ng5 h5 48. Ne6 Kc6 49. Nf4 g5 50. Nxh5 Kd5 51. Nf6+ Ke6 52. Ne4
Kf5 53. h3 Nb3 54. g4+ Kg6 55. Ng3 Nc5 56. f4 gxf4+ 57. Kxf4 Ne6+ 58. Ke5 Ng5
59. h4 Nf3+ 60. Kf4 Nxh4 61. Nf5 Nxf5 62. gxf5+ Kf6 63. Kg4 Kf7 64. Kg5 Kg7 65.
f6+ Kf7 66. Kf5 Kf8 67. Ke6 Ke8 68. Ke5 Kf7 1/2-1/2

[Event "Langley op"]
[Site "Langley CAN"]
[Date "2022.09.03"]
[Round "1.5"]
[White "Zhu, Brandon"]
[Black "Kirkbride, John"]
[Result "1-0"]
[WhiteElo "2110"]
[BlackElo "1175"]
[PlyCount "85"]
[EventDate "2022.09.03"]
[EventType "swiss"]
[EventRounds "6"]
[EventCountry "CAN"]

1. e4 e6 2. d3 h6 3. Nd2 Nf6 4. Ngf3 Nc6 5. d4 Bd6 6. e5 Bb4 7. exf6 Qxf6 8. c3
Bd6 9. Ne4 Qe7 10. Nxd6+ cxd6 11. Be2 O-O 12. O-O Re8 13. Be3 b6 14. d5 Ne5 15.
Nxe5 dxe5 16. d6 Qf6 17. Bf3 Rb8 18. Qa4 a5 19. Rfe1 Qd8 20. Qe4 Qf6 21. Bd2
Bb7 22. Qxe5 Qxe5 23. Rxe5 Bxf3 24. gxf3 Rbc8 25. Be3 f6 26. Rb5 Rc4 27. Rd1 e5
28. Rdd5 e4 29. fxe4 Rcxe4 30. Rxb6 Rxe3 31. fxe3 Rxe3 32. Rb7 Kh7 33. Rxd7
Re1+ 34. Kf2 Rb1 35. Rb7 Rc1 36. Rd2 Rh1 37. Kg2 Re1 38. d7 Re7 39. d8=Q Rxb7
40. Qd3+ Kg8 41. Qd5+ Rf7 42. Re2 Kf8 43. Qa8# 1-0

[Event "Langley op"]
[Site "Langley CAN"]
[Date "2022.09.03"]
[Round "1.6"]
[White "Batisse, Norman"]
[Black "Yang, Jingyun (Ryan)"]
[Result "0-1"]
[WhiteElo "1172"]
[BlackElo "2099"]
[PlyCount "44"]
[EventDate "2022.09.03"]
[EventType "swiss"]
[EventRounds "6"]
[EventCountry "CAN"]

1. e4 c5 2. Bc4 e6 3. Nc3 a6 4. a4 Nc6 5. Nf3 g6 6. O-O Bg7 7. Re1 Nge7 8. d3
O-O 9. Be3 d5 10. exd5 exd5 11. Bxc5 dxc4 12. Bxe7 Nxe7 13. dxc4 Nc6 14. Qxd8
Rxd8 15. Re3 Be6 16. b3 Nb4 17. Rc1 Bxc3 18. Re4 Bf5 19. Rh4 Rd7 20. g4 Bxc2
21. Rh6 Rd3 22. Ng5 Bd2 0-1

[Event "Langley op"]
[Site "Langley CAN"]
[Date "2022.09.03"]
[Round "1.7"]
[White "Song, Ethan"]
[Black "Wu, Minhao (Billy)"]
[Result "1-0"]
[WhiteElo "2086"]
[BlackElo "1156"]
[PlyCount "69"]
[EventDate "2022.09.03"]
[EventType "swiss"]
[EventRounds "6"]
[EventCountry "CAN"]

1. e4 c5 2. Nf3 e6 3. c3 Nc6 4. Be2 Nf6 5. d3 d5 6. e5 Nd7 7. d4 cxd4 8. cxd4
Bb4+ 9. Nc3 Qa5 10. Bd2 Qb6 11. Be3 Ba5 12. Rb1 Nb4 13. O-O O-O 14. a3 Nc6 15.
b4 Bxb4 16. axb4 f6 17. b5 Ne7 18. exf6 Nxf6 19. Na4 Qd6 20. Ne5 Nd7 21. Nxd7
Bxd7 22. Nc5 b6 23. Nxd7 Qxd7 24. Bg5 Nf5 25. Bg4 Nd6 26. Be3 Rac8 27. Qb3 Ne4
28. Rbc1 Rxc1 29. Rxc1 Qf7 30. Bf3 Nd6 31. Be2 Nf5 32. Bg4 Nxd4 33. Bxd4 Qf4
34. Bxe6+ Kh8 35. Qe3 1-0

[Event "Langley op"]
[Site "Langley CAN"]
[Date "2022.09.03"]
[Round "1.8"]
[White "Wang, Tony"]
[Black "McLaren, Brian"]
[Result "0-1"]
[WhiteElo "1099"]
[BlackElo "2073"]
[PlyCount "58"]
[EventDate "2022.09.03"]
[EventType "swiss"]
[EventRounds "6"]
[EventCountry "CAN"]

1. e4 Nf6 2. Nc3 d5 3. exd5 Nxd5 4. Nxd5 Qxd5 5. Nf3 Bf5 6. d4 e6 7. Bf4 Qe4+
8. Be3 Qxc2 9. Qxc2 Bxc2 10. Rc1 Be4 11. Rxc7 Bc6 12. Ne5 Bb4+ 13. Ke2 O-O 14.
f3 Bd6 15. Rxc6 Nxc6 16. Nxc6 bxc6 17. Kf2 Rfe8 18. Bd3 e5 19. Rc1 Rac8 20. Be4
exd4 21. Bxd4 c5 22. Be3 g6 23. h4 h5 24. Bd5 Kg7 25. g4 hxg4 26. fxg4 Rb8 27.
Bb3 Rb4 28. Kf3 Rxe3+ 29. Kxe3 Bf4+ 0-1

[Event "Langley op"]
[Site "Langley CAN"]
[Date "2022.09.03"]
[Round "1.9"]
[White "Xu, Andrew"]
[Black "Li, Mengbai"]
[Result "1-0"]
[WhiteElo "1959"]
[BlackElo "1095"]
[PlyCount "93"]
[EventDate "2022.09.03"]
[EventType "swiss"]
[EventRounds "6"]
[EventCountry "CAN"]

1. e4 c6 2. Nc3 d5 3. Nf3 Bg4 4. exd5 cxd5 5. d4 a6 6. Be2 Nc6 7. O-O e6 8. Re1
Bxf3 9. Bxf3 Nf6 10. Bg5 Be7 11. Bxf6 gxf6 12. Bh5 Qb6 13. Rxe6 O-O-O 14. Re3
Rhf8 15. Bf3 Bd6 16. Nxd5 Qxd4 17. Qxd4 Nxd4 18. Rd1 Be5 19. c3 Nxf3+ 20. Rxf3
Kb8 21. Rfd3 Rfe8 22. f4 Bd6 23. Nxf6 Bc5+ 24. Kf1 Rxd3 25. Rxd3 Re6 26. Nd7+
Kc7 27. Nxc5 Rh6 28. h3 Rh4 29. Rf3 a5 30. g4 Rh6 31. Ke2 b6 32. Nb3 Re6+ 33.
Re3 Rf6 34. f5 Kd7 35. Nd4 Rd6 36. Kf3 f6 37. Re6 Rxe6 38. fxe6+ Ke7 39. Ke4
Kd6 40. Kf5 Ke7 41. a4 h6 42. h4 Ke8 43. Kxf6 h5 44. gxh5 b5 45. h6 Kf8 46. h7
Ke8 47. h8=Q# 1-0

[Event "Langley op"]
[Site "Langley CAN"]
[Date "2022.09.03"]
[Round "1.10"]
[White "Francis, Zoe"]
[Black "Leong, Ryan"]
[Result "0-1"]
[WhiteElo "1088"]
[BlackElo "1950"]
[PlyCount "76"]
[EventDate "2022.09.03"]
[EventType "swiss"]
[EventRounds "6"]
[EventCountry "CAN"]

1. e4 Nf6 2. Nc3 d6 3. d4 g6 4. f4 Bg7 5. Nf3 O-O 6. Bd3 Nc6 7. a3 Bg4 8. Be3
e5 9. fxe5 dxe5 10. dxe5 Nxe5 11. Be2 Bxf3 12. Qxd8 Rfxd8 13. gxf3 a6 14. Kf2
b5 15. Rab1 Rd7 16. Rhd1 Rad8 17. Bg5 h6 18. Be3 Nc6 19. Rxd7 Rxd7 20. Rd1 Rxd1
21. Bxd1 Ne8 22. h4 Nd6 23. Nd5 Bxb2 24. Nxc7 a5 25. Bc5 Bd4+ 26. Bxd4 Nxd4 27.
c3 Ne6 28. Nd5 Nc4 29. a4 Nb2 30. Be2 bxa4 31. Ne3 a3 32. Nc2 a2 33. Ke1 Nc5
34. c4 Nb3 35. c5 Nxc5 36. Na1 a4 37. e5 Nb3 38. Bd1 Nxa1 0-1

[Event "Langley op"]
[Site "Langley CAN"]
[Date "2022.09.03"]
[Round "2.1"]
[White "Aljo, Johan"]
[Black "Doknjas, John"]
[Result "0-1"]
[WhiteElo "1581"]
[BlackElo "2319"]
[PlyCount "60"]
[EventDate "2022.09.03"]
[EventType "swiss"]
[EventRounds "6"]
[EventCountry "CAN"]

1. d4 Nf6 2. c4 e6 3. Nf3 c5 4. e3 d5 5. cxd5 exd5 6. Bb5+ Bd7 7. Bxd7+ Qxd7 8.
O-O Nc6 9. b3 b6 10. Nc3 Be7 11. Bb2 O-O 12. Ne5 Qb7 13. Rc1 Rac8 14. Qf3 Rfd8
15. Rfd1 Bf8 16. h3 cxd4 17. exd4 Ne7 18. g4 Ng6 19. a3 Bd6 20. Re1 h6 21. Qd3
Bxe5 22. dxe5 d4 23. Nb5 Nh4 24. Qg3 Nf3+ 25. Kf1 Ne4 26. Qf4 g5 27. Qf5 Ned2+
28. Ke2 d3+ 29. Kd1 Rxc1+ 30. Bxc1 Qd5 0-1

[Event "Langley op"]
[Site "Langley CAN"]
[Date "2022.09.03"]
[Round "2.2"]
[White "Nunez Asencio, Jorge"]
[Black "Cruz, Tyler"]
[Result "1-0"]
[WhiteElo "2311"]
[BlackElo "1513"]
[PlyCount "71"]
[EventDate "2022.09.03"]
[EventType "swiss"]
[EventRounds "6"]
[EventCountry "CAN"]

1. d4 Nf6 2. Nf3 e6 3. c4 b6 4. a3 Bb7 5. Nc3 d5 6. cxd5 Nxd5 7. e3 Be7 8. Bb5+
c6 9. Bd3 O-O 10. O-O Nd7 11. e4 Nxc3 12. bxc3 c5 13. Bf4 Re8 14. Re1 Rc8 15.
Qd2 Nf8 16. Bb5 Nd7 17. Ne5 Nxe5 18. Bxe8 Nc4 19. Qd3 Qxe8 20. Qxc4 cxd4 21.
Qxd4 Qc6 22. Qd3 Bf6 23. Rac1 Rd8 24. Qg3 Qa4 25. Be5 Bxe5 26. Qxe5 Qc6 27.
Red1 Rxd1+ 28. Rxd1 h6 29. f3 Qa4 30. Rd4 Qc6 31. h4 Kh7 32. Rd8 a5 33. h5 Bc8
34. Kh2 f6 35. Qg3 g5 36. Qb8 1-0

[Event "Langley op"]
[Site "Langley CAN"]
[Date "2022.09.03"]
[Round "2.3"]
[White "Pangilinan, Emmanuel"]
[Black "Fuentebella, Mayo"]
[Result "0-1"]
[WhiteElo "1513"]
[BlackElo "2296"]
[PlyCount "74"]
[EventDate "2022.09.03"]
[EventType "swiss"]
[EventRounds "6"]
[EventCountry "CAN"]

1. e4 e6 2. f4 d5 3. e5 c5 4. Nc3 a6 5. g3 Nc6 6. Bg2 Nge7 7. Nf3 Nf5 8. Ne2 h5
9. h4 b5 10. Bh3 Nce7 11. d4 Qb6 12. c3 Bb7 13. O-O g6 14. Kh2 Rc8 15. a4 Nh6
16. dxc5 Qxc5 17. Nfd4 Nef5 18. Nxf5 gxf5 19. Nd4 Ng4+ 20. Bxg4 hxg4 21. axb5
axb5 22. Be3 Qc4 23. Ra7 Bc6 24. Qa1 Bc5 25. Ra5 Bd7 26. Qd1 b4 27. cxb4 Qxb4
28. Ra2 O-O 29. Qd3 Bxd4 30. Qxd4 Rc4 31. Qa7 d4 32. Bf2 Bc6 33. b3 Qxb3 34.
Qe7 Rb8 35. Ra7 Bb7 36. h5 Qf3 37. Qg5+ Kh7 0-1

[Event "Langley op"]
[Site "Langley CAN"]
[Date "2022.09.03"]
[Round "2.4"]
[White "Mok, Erwin"]
[Black "Zhu, Brandon"]
[Result "0-1"]
[WhiteElo "1509"]
[BlackElo "2110"]
[PlyCount "70"]
[EventDate "2022.09.03"]
[EventType "swiss"]
[EventRounds "6"]
[EventCountry "CAN"]

1. d4 d5 2. c4 e6 3. Nc3 c6 4. Nf3 dxc4 5. e4 b5 6. Bg5 Qb6 7. a4 Bb4 8. Be3 a6
9. axb5 cxb5 10. e5 Qb7 11. Be2 Bd7 12. O-O Ne7 13. Nd2 Bc6 14. Bf3 Bxf3 15.
Nxf3 Bxc3 16. bxc3 Nd5 17. Qc2 Nd7 18. Ng5 h6 19. Ne4 O-O 20. Ra5 f6 21. exf6
N5xf6 22. Ng3 Nb6 23. Rb1 Qc7 24. Raa1 Nbd5 25. Nf1 Ng4 26. g3 Ndxe3 27. fxe3
Nf2 28. Qxf2 Rxf2 29. Kxf2 Qc6 30. Nd2 e5 31. Kg1 exd4 32. exd4 Re8 33. Re1
Rxe1+ 34. Rxe1 a5 35. Rb1 Qd5 0-1

[Event "Langley op"]
[Site "Langley CAN"]
[Date "2022.09.03"]
[Round "2.5"]
[White "Yang, Jingyun (Ryan)"]
[Black "Gao, Justin"]
[Result "1-0"]
[WhiteElo "2099"]
[BlackElo "1503"]
[PlyCount "129"]
[EventDate "2022.09.03"]
[EventType "swiss"]
[EventRounds "6"]
[EventCountry "CAN"]

1. g3 g6 2. Bg2 Bg7 3. Nf3 Nf6 4. c4 d6 5. d4 c6 6. Nc3 e6 7. O-O O-O 8. Bg5 h6
9. Bf4 Qe7 10. e4 Nh5 11. Be3 e5 12. Qd2 Kh7 13. d5 c5 14. a3 b6 15. b4 Nd7 16.
Ne1 Ba6 17. b5 Bb7 18. Nd3 Rae8 19. Rae1 Qd8 20. Ne2 Nhf6 21. h3 Ng8 22. g4 Bc8
23. f4 f6 24. Ng3 exf4 25. Bxf4 Ne5 26. Nxe5 fxe5 27. Be3 Rxf1+ 28. Rxf1 Rf8
29. Ra1 a6 30. bxa6 Bxa6 31. Bf1 Qc7 32. Be2 Bb7 33. Rb1 Ba6 34. Qd1 Bf6 35.
Qa4 Ra8 36. Qb3 Rb8 37. Kg2 Ne7 38. Rh1 Bc8 39. h4 Bg7 40. Rf1 Kg8 41. Qd1 Bd7
42. Qc1 Kh7 43. h5 g5 44. Nf5 Nxf5 45. exf5 Bf6 46. Qb2 Bc8 47. a4 Ba6 48. Rb1
Rb7 49. Bd2 Qb8 50. Bc3 Kg8 51. Ra1 Qe8 52. Ra3 Qb8 53. Qa2 Ra7 54. a5 bxa5 55.
Rxa5 Qb7 56. Qa4 Kf7 57. Qc6 Qxc6 58. dxc6 Bd8 59. Ra1 Bb6 60. Bf3 Bc7 61. Bd5+
Ke7 62. f6+ Kf8 63. Kf3 Bb6 64. Be6 Bc7 65. Bc8 1-0

[Event "Langley op"]
[Site "Langley CAN"]
[Date "2022.09.03"]
[Round "2.6"]
[White "Dela Cruz, Jimson"]
[Black "Song, Ethan"]
[Result "1-0"]
[WhiteElo "1503"]
[BlackElo "2086"]
[PlyCount "111"]
[EventDate "2022.09.03"]
[EventType "swiss"]
[EventRounds "6"]
[EventCountry "CAN"]

1. e4 e5 2. Nf3 Nc6 3. Bc4 Nf6 4. Ng5 d5 5. exd5 Na5 6. Bb5+ c6 7. dxc6 bxc6 8.
Qf3 Bb7 9. Ba4 Bd6 10. d3 O-O 11. O-O c5 12. Qh3 Qc7 13. Nc3 h6 14. Nge4 Nxe4
15. dxe4 a6 16. Rd1 c4 17. Nd5 Bxd5 18. Rxd5 Rad8 19. Be3 Nc6 20. Bxc6 Qxc6 21.
Rad1 Be7 22. Qf5 Rxd5 23. exd5 Qc7 24. f4 Bd6 25. g3 Re8 26. Kg2 Qb7 27. b3 Qc7
28. Qe4 cxb3 29. axb3 Qc3 30. Qd3 Qc8 31. fxe5 Bxe5 32. c4 Bd6 33. Rf1 h5 34.
Bf4 Bc5 35. Qf3 h4 36. gxh4 Qd7 37. h5 f6 38. Bd2 Qd6 39. Re1 Rxe1 40. Bxe1 Qe5
41. Bg3 Qb2+ 42. Kh3 Qd4 43. Qg4 Qe3 44. Qe6+ Qxe6+ 45. dxe6 f5 46. Be5 Kf8 47.
Kg3 Ke7 48. Bxg7 Bd6+ 49. Kg2 Kxe6 50. h3 Kf7 51. h6 Kg6 52. Kf3 Bc7 53. c5 a5
54. Bf8 Kf7 55. Bd6 Bd8 56. c6 1-0

[Event "Langley op"]
[Site "Langley CAN"]
[Date "2022.09.03"]
[Round "2.7"]
[White "McLaren, Brian"]
[Black "Coste, Sebastien"]
[Result "1-0"]
[WhiteElo "2073"]
[BlackElo "1475"]
[PlyCount "103"]
[EventDate "2022.09.03"]
[EventType "swiss"]
[EventRounds "6"]
[EventCountry "CAN"]

1. e4 c5 2. Nc3 d6 3. g3 Nf6 4. Bg2 g6 5. d3 Bg7 6. f4 Nc6 7. Nge2 Rb8 8. O-O
Bd7 9. h3 h5 10. Kh1 Qc8 11. Ng1 Nd4 12. h4 Bg4 13. Nce2 c4 14. Be3 Nxe2 15.
Nxe2 a5 16. d4 Bh3 17. f5 Bxg2+ 18. Kxg2 Nxe4 19. fxg6 fxg6 20. Nf4 g5 21. hxg5
Nxg5 22. Rh1 Qg4 23. Rxh5 Qxd1 24. Rxd1 Bf6 25. Rxh8+ Bxh8 26. Rh1 Kd7 27. Nd5
Ne6 28. Rh7 Re8 29. Nxe7 Rxe7 30. Rxh8 Nc7 31. Kf3 Nd5 32. Bd2 b6 33. Rf8 Rg7
34. g4 Ke7 35. Rf5 Ke6 36. Rf8 Ke7 37. Rh8 Rf7+ 38. Kg3 Nf6 39. Bg5 Ke6 40. Rh6
b5 41. Kf4 d5 42. Rxf6+ Rxf6+ 43. Bxf6 Kxf6 44. g5+ Ke6 45. g6 b4 46. c3 Kf6
47. g7 Kxg7 48. Ke5 a4 49. a3 Kg6 50. Kxd5 Kf5 51. Kxc4 bxa3 52. bxa3 1-0

[Event "Langley op"]
[Site "Langley CAN"]
[Date "2022.09.03"]
[Round "2.8"]
[White "Zou, Alex"]
[Black "Xu, Andrew"]
[Result "0-1"]
[WhiteElo "1466"]
[BlackElo "1959"]
[PlyCount "40"]
[EventDate "2022.09.03"]
[EventType "swiss"]
[EventRounds "6"]
[EventCountry "CAN"]

1. e4 e5 2. Nf3 Nc6 3. Bc4 Nf6 4. Ng5 d5 5. exd5 Na5 6. Bb5+ c6 7. dxc6 bxc6 8.
Be2 h6 9. Nf3 e4 10. Ne5 Bd6 11. Nc4 Nxc4 12. Bxc4 O-O 13. h3 Bf5 14. O-O Qd7
15. f4 Bxh3 16. d4 exd3 17. Qxd3 Bf5 18. Qd4 Qe7 19. Qd2 Bc5+ 20. Kh1 Ne4 0-1

[Event "Langley op"]
[Site "Langley CAN"]
[Date "2022.09.03"]
[Round "2.9"]
[White "Leong, Ryan"]
[Black "Harms, Reece"]
[Result "1/2-1/2"]
[WhiteElo "1950"]
[BlackElo "1456"]
[PlyCount "138"]
[EventDate "2022.09.03"]
[EventType "swiss"]
[EventRounds "6"]
[EventCountry "CAN"]

1. Nf3 Nc6 2. d4 e6 3. e4 Nf6 4. e5 Ne4 5. Bd3 d5 6. Nbd2 f5 7. exf6 Nxf6 8.
O-O Bd6 9. c3 O-O 10. Re1 Ng4 11. Nf1 e5 12. dxe5 Ncxe5 13. Be2 c6 14. h3 Nf6
15. Bg5 Qb6 16. Nxe5 Bxe5 17. Qb3 h6 18. Be3 Qc7 19. Bd3 Bd6 20. Rad1 Bd7 21.
Bg6 Be8 22. Bxe8 Rfxe8 23. Bd4 Be5 24. Bxe5 Rxe5 25. Rxe5 Qxe5 26. c4 d4 27.
Qxb7 Rb8 28. Qxa7 Rxb2 29. Qxd4 Qxd4 30. Rxd4 Rxa2 31. Rd6 c5 32. Rc6 Ne4 33.
f3 Nc3 34. Rxc5 Ne2+ 35. Kh2 Nf4 36. Ne3 g5 37. Kg3 Kf7 38. Rf5+ Ke6 39. Rxf4
gxf4+ 40. Kxf4 Kf6 41. Ke4 Ke6 42. f4 Rf2 43. f5+ Kd6 44. h4 h5 45. g3 Ke7 46.
Nd5+ Kf7 47. Nf4 Rc2 48. Kd3 Rf2 49. Nxh5 Rxf5 50. Nf4 Ra5 51. g4 Ra3+ 52. Ke4
Ra4 53. Kd5 Ra5+ 54. Kc6 Re5 55. Nd3 Re4 56. Kd5 Re8 57. Ne5+ Kf6 58. Nd7+ Ke7
59. Ne5 Kf6 60. g5+ Kf5 61. Nf7 Kg4 62. g6 Kxh4 63. c5 Kh5 64. Ne5 Kg5 65. Kd6
Kf6 66. Nd7+ Kxg6 67. Kc7 Kf7 68. c6 Re6 69. Nc5 Rxc6+ 1/2-1/2

[Event "Langley op"]
[Site "Langley CAN"]
[Date "2022.09.03"]
[Round "2.10"]
[White "Gu, Eric"]
[Black "Peiris, Gayan"]
[Result "0-1"]
[WhiteElo "1437"]
[BlackElo "1922"]
[PlyCount "64"]
[EventDate "2022.09.03"]
[EventType "swiss"]
[EventRounds "6"]
[EventCountry "CAN"]

1. e4 d6 2. d4 g6 3. Nc3 Bg7 4. Be3 a6 5. Qd2 b5 6. O-O-O Bb7 7. a3 Nd7 8. f4
Ngf6 9. e5 Ng4 10. Nf3 Nxe3 11. Qxe3 Nb6 12. e6 f6 13. d5 c6 14. dxc6 Bxc6 15.
Nd4 Qc7 16. Nxc6 Qxc6 17. Be2 Rc8 18. Bf3 Qc7 19. Qe2 f5 20. Rd3 Nc4 21. Qe1
Nxa3 22. Bd1 Nxc2 23. Bxc2 b4 24. Ba4+ Kf8 25. g4 bxc3 26. b3 Qc5 27. Kc2 fxg4
28. Rf1 Bf6 29. Bd7 Rb8 30. Qe4 Qa3 31. Qc4 Qa2+ 32. Kd1 Rxb3 0-1

[Event "Langley op"]
[Site "Langley CAN"]
[Date "2022.09.04"]
[Round "3.1"]
[White "Doknjas, John"]
[Black "He, Matthew"]
[Result "1-0"]
[WhiteElo "2319"]
[BlackElo "1843"]
[PlyCount "75"]
[EventDate "2022.09.03"]
[EventType "swiss"]
[EventRounds "6"]
[EventCountry "CAN"]

1. d4 d5 2. c4 e6 3. Nc3 Bb4 4. a3 Bxc3+ 5. bxc3 c5 6. cxd5 exd5 7. e3 Nf6 8.
Bd3 O-O 9. Ne2 Nbd7 10. O-O b6 11. f3 Bb7 12. g4 Re8 13. Ng3 Nf8 14. Ra2 Ne6
15. h4 g6 16. g5 Qd6 17. Rg2 Nd7 18. Bb1 b5 19. e4 cxd4 20. cxd4 dxe4 21. fxe4
Qxd4+ 22. Qxd4 Nxd4 23. Rd2 Nf3+ 24. Rxf3 Ne5 25. Rf1 Rac8 26. Kg2 Ng4 27. Rd7
Ba8 28. Rxa7 Rc3 29. Rfxf7 Ne5 30. Rfc7 Bc6 31. Ba2+ Nc4 32. Rxc6 Rxc1 33.
Bxc4+ bxc4 34. Rac7 Rc2+ 35. Kh3 Rc3 36. Rxc4 Rxa3 37. Kg4 Raa8 38. Rb4 1-0